[Event "Can Ninetes op 11th"]
[Site "Can Ninetes"]
[Date "2016.08.01"]
[Round "1"]
[White "Molina Carretero, Daniel"]
[Black "Puigvert Vigo, Lluis"]
[Result "1-0"]
[WhiteElo "2093"]
[BlackElo "1513"]
[PlyCount "29"]
[EventDate "2016.08.01"]
[EventType "swiss"]
[EventRounds "9"]
[EventCountry "ESP"]
[SourceTitle "CBM 173 Extra"]
[Source "ChessBase"]
[SourceDate "2016.08.29"]
[SourceVersion "1"]
[SourceVersionDate "2016.08.29"]
[SourceQuality "1"]

1. e4 d5 2. exd5 Qxd5 3. Nf3 Bg4 4. Be2 Nf6 5. d4 e6 6. c4 Qh5 7. Nc3 c6 8. Qb3 b6 9. a4 Nbd7 10. a5 Be7 11. axb6 Nxb6 12. c5 Nbd5 13. Qb7 0-0 14. Rxa7 Rfb8 15. Rxa8 1-0

[Event "Vic op 31st"]
[Site "Vic"]
[Date "2011.12.20"]
[Round "8"]
[White "Gonzalez Domingo, Enric"]
[Black "Puigvert Vigo, Lluis"]
[Result "1-0"]
[WhiteElo "1779"]
[BlackElo "1504"]
[PlyCount "55"]
[EventDate "2011.10.18"]
[EventType "swiss"]
[EventRounds "8"]
[EventCountry "ESP"]
[SourceTitle "EXT 2013"]
[Source "ChessBase"]
[SourceDate "2012.11.22"]
[SourceVersion "1"]
[SourceVersionDate "2012.11.22"]
[SourceQuality "1"]

1. d4 Nf6 2. c4 c5 3. e3 g6 4. Nf3 Bg7 5. Nc3 cxd4 6. exd4 d6 7. Be2 0-0 8. 0-0 b6 9. Be3 Bb7 10. Qd2 Nbd7 11. Bh6 Rc8 12. Bxg7 Kxg7 13. b3 Re8 14. d5 Nc5 15. Qd4 e6 16. dxe6 Nxe6 17. Qd2 a6 18. Rad1 Rc6 19. Nd4 Nxd4 20. Qxd4 Re6 21. Bf3 Rc7 22. Nd5 Bxd5 23. Bxd5 Re5 24. Qxb6 Nxd5 25. Rxd5 Rxd5 26. cxd5 Qc8 27. Qxd6 Kg8 28. Qa3 1-0

[Event "Barcelona Tona op 1st"]
[Site "Barcelona"]
[Date "2011.12.06"]
[Round "3"]
[White "Casulleras Chalaux, Oriol"]
[Black "Puigvert Vigo, Lluis"]
[Result "1-0"]
[WhiteElo "1768"]
[BlackElo "1811"]
[PlyCount "41"]
[EventDate "2011.12.05"]
[EventType "swiss"]
[EventRounds "8"]
[EventCountry "ESP"]
[SourceTitle "CBM 145 Extra"]
[Source "ChessBase"]
[SourceDate "2012.01.03"]
[SourceVersion "1"]
[SourceVersionDate "2012.01.03"]
[SourceQuality "1"]

1. e4 d5 2. exd5 Qxd5 3. Nc3 Qa5 4. Bc4 Nf6 5. Nf3 Bg4 6. 0-0 e6 7. Re1 Nbd7 8. h3 Bh5 9. d3 0-0-0 10. a3 c6 11. Bf4 h6 12. g4 Nxg4 13. hxg4 Bxg4 14. Kg2 g5 15. Bg3 f5 16. b4 Qb6 17. Na4 Bxf3+ 18. Qxf3 Qd4 19. c3 Qf6 20. Rxe6 Qg7 21. Rxc6+ 1-0

[Event "Vic op 31st"]
[Site "Vic"]
[Date "2011.11.29"]
[Round "6"]
[White "Casassas Brosa, Ramon"]
[Black "Puigvert Vigo, Lluis"]
[Result "1-0"]
[WhiteElo "1660"]
[BlackElo "1504"]
[PlyCount "75"]
[EventDate "2011.10.18"]
[EventType "swiss"]
[EventRounds "8"]
[EventCountry "ESP"]
[SourceTitle "EXT 2013"]
[Source "ChessBase"]
[SourceDate "2012.11.22"]
[SourceVersion "1"]
[SourceVersionDate "2012.11.22"]
[SourceQuality "1"]

1. e4 d5 2. exd5 Qxd5 3. Nc3 Qa5 4. d4 e5 5. dxe5 Bb4 6. Bd2 Nc6 7. Bb5 Bd7 8. Qe2 0-0-0 9. Nf3 Nge7 10. 0-0 Bg4 11. Bd3 Nd4 12. Qd1 Nxf3+ 13. gxf3 Bh5 14. a3 Bxc3 15. Bxc3 Qb6 16. Qe2 Rhe8 17. Qe3 Qe6 18. f4 Nd5 19. Bc4 Qc6 20. Bxd5 Rxd5 21. Qh3+ Kb8 22. Qxh5 Re6 23. f5 g6 24. Qxh7 gxf5 25. Qg8+ Re8 26. Qxf7 Rdd8 27. f3 Rg8+ 28. Kh1 Rdf8 29. Qh5 Rh8 30. Qg4 Rfg8 31. Qxf5 Rf8 32. Qe4 Qh6 33. Rf2 Rf4 34. Bd2 Rhf8 35. Bxf4 Rxf4 36. Qe2 Qe6 37. Rd1 a6 38. Rd8+ 1-0

[Event "Vic op 31st"]
[Site "Vic"]
[Date "2011.11.08"]
[Round "3"]
[White "Puigvert Vigo, Lluis"]
[Black "Gamissans Bou, Marius"]
[Result "1-0"]
[WhiteElo "1504"]
[BlackElo "1732"]
[PlyCount "111"]
[EventDate "2011.10.18"]
[EventType "swiss"]
[EventRounds "8"]
[EventCountry "ESP"]
[SourceTitle "EXT 2013"]
[Source "ChessBase"]
[SourceDate "2012.11.22"]
[SourceVersion "1"]
[SourceVersionDate "2012.11.22"]
[SourceQuality "1"]

1. e4 e5 2. Nf3 Nc6 3. d4 exd4 4. Bc4 h6 5. 0-0 d6 6. Nxd4 Ne5 7. Bb3 Nf6 8. f4 Ng6 9. Nc3 Be7 10. f5 Ne5 11. Bf4 Nfd7 12. Qh5 Nf6 13. Qe2 Bd7 14. Rad1 c5 15. Bxe5 dxe5 16. Ne6 Qb6 17. Nxg7+ Kf8 18. Qc4 Be8 19. Nxe8 Rh7 20. Nxf6 Bxf6 21. Nd5 Qc6 22. Nxf6 Qxf6 23. Qxc5+ Kg8 24. Rf3 h5 25. Rg3+ Kh8 26. Rd6 Qe7 27. Rd5 Qxc5+ 28. Rxc5 f6 29. Rg6 b6 30. Rc6 Rg7 31. Rcxf6 Rd8 32. Rh6+ Rh7 33. Rxh7+ Kxh7 34. c3 h4 35. Rf7+ Kh6 36. Rxa7 Rd6 37. Bd5 Kg5 38. Kf2 Rh6 39. Kf3 b5 40. Re7 Kf6 41. Rb7 Kg5 42. Rxb5 Ra6 43. Rc5 Rb6 44. b4 Ra6 45. Rc6 Ra3 46. Rg6+ Kh5 47. Bb3 Ra7 48. Re6 Rd7 49. Bd5 Rc7 50. c4 Ra7 51. c5 Ra3+ 52. Bb3 Kg5 53. c6 Ra7 54. b5 Rh7 55. b6 h3 56. g3 1-0

[Event "Girona op 1st"]
[Site "Girona"]
[Date "2010.07.15"]
[Round "3"]
[White "Volkov, Vladimir"]
[Black "Puigvert Vigo, Lluis"]
[Result "0-1"]
[WhiteElo "1796"]
[BlackElo "1493"]
[PlyCount "56"]
[EventDate "2010.07.13"]
[EventType "swiss"]
[EventRounds "9"]
[EventCountry "ESP"]
[SourceTitle "CBM 137 Extra"]
[Source "ChessBase"]
[SourceDate "2010.09.01"]
[SourceVersion "1"]
[SourceVersionDate "2010.09.01"]
[SourceQuality "1"]

1. e4 d5 2. exd5 Qxd5 3. Nc3 Qa5 4. d4 c6 5. Bc4 Nf6 6. Bd2 Qc7 7. Nge2 Bf5 8. Ng3 Bg6 9. h4 h5 10. Bg5 Nbd7 11. Bd3 Bxd3 12. Qxd3 0-0-0 13. 0-0-0 Ng4 14. Qf5 f6 15. Nxh5 g6 16. Qxg6 Nxf2 17. Bf4 e5 18. dxe5 Nxd1 19. e6 Ne5 20. Qf5 Rxh5 21. Qxh5 Nd3+ 22. cxd3 Qxf4+ 23. Kxd1 Rxd3+ 24. Kc2 Rd2+ 25. Kb1 Qb4 26. Nd1 Qe4+ 27. Ka1 Qc2 28. Qf3 Qc1# 0-1

[Event "Olot dels Volcans op"]
[Site "Olot"]
[Date "2010.05.29"]
[Round "3"]
[White "Puigvert Vigo, Lluis"]
[Black "Badosa Romanyo, Albert"]
[Result "0-1"]
[WhiteElo "1744"]
[BlackElo "1974"]
[PlyCount "40"]
[EventDate "2010.05.22"]
[EventType "swiss"]
[EventRounds "8"]
[EventCountry "ESP"]
[SourceTitle "EXT 2024"]
[Source "ChessBase"]
[SourceDate "2023.10.10"]
[SourceVersion "1"]
[SourceVersionDate "2023.10.10"]
[SourceQuality "1"]

1. e4 c6 2. d4 d5 3. exd5 cxd5 4. c4 Nf6 5. Nc3 Nc6 6. Bg5 e6 7. Nf3 Be7 8. Be2 a6 9. Rc1 0-0 10. 0-0 dxc4 11. Ne5 Nxd4 12. Bxc4 b5 13. Bd3 Bb7 14. Be3 Nc6 15. Nf3 Rc8 16. Ng5 Ne5 17. Bxh7+ Nxh7 18. Qh5 Bxg5 19. f4 Bh6 20. g4 Nf6 0-1